000
00299nam a2200121Ia 4500
008
190216s9999||||xx |||||||||||||| ||und||
100
_a
Agarwal J P And Sathyaprakash
245
0
_a
Elements Of Mechanics
260
_b
Pragathi Prakashan
_c
1986
300
_a
576p
650
_a
Physics
942
_c
BK
999
_c
33084
_d
33084